| 000 | 00482nam a2200157 a 4500 | ||
|---|---|---|---|
| 001 | 000044400 | ||
| 005 | 20201002045339.0 | ||
| 008 | 140627s2004 dr a 001 0 spa d | ||
| 020 | _a8449315212 | ||
| 040 |
_aDO-SdBNP _bspa _cBNPHU |
||
| 100 | 1 |
_aHoward, W. J. _972411 |
|
| 245 | 1 | 0 |
_aMatemáticas sencillas : _baprende a calcular mentalmente sin problemas / _cW. J., Howard. |
| 260 |
_aBarcelona : _bPaidós, _c2004. |
||
| 300 |
_a137 p. : _bil. ; _c22 cm. |
||
| 500 | _aIncluye índice | ||
| 999 |
_c43889 _d43889 |
||